000 00706nam a2200253Ia 4500
003 OSt
005 20220927110333.0
006 a|||||r|||| 00| 0
007 ta
008 220926b |||||||| |||| 00| 0 eng d
020 _a9780415395861
024 _a197137
037 _cReference Collections
040 _aRTL
_cRTL
_beng
041 _2eng
_aeng
082 _a"X:1.1, P6"
100 _aSTEARNS Peter N
_9376212
245 0 _aConsumerism in world history
_b The global transformation of desire
250 _a2
260 _aNew
_b"York, Routledge, "
_c2006
300 _a"xi,164p"
_ccm.
942 _h"X:1.1, P6"
_cCC
999 _c695574
_d695574